Geography Quiz

Random Geography or Flags Quiz

Progressively Harder Oceanian Flags Quiz Stats

 Plays Quiz Updated Mar 7, 2018

Challenge
Share
Tweet
Score 0/14 Timer 02:00
1 Play Today
% Correct
Australia
100%
New Zealand
98.7%
Fiji
91.3%
Tonga
83.1%
Papua New Guinea
78.9%
The Federated States of Micronesia
73.6%
Kiribati
70.9%
% Correct
Samoa
67.2%
Palau
63.6%
Republic of the Marshall Islands
61.5%
Tuvalu
55.3%
Vanuatu
52.1%
Solomon Islands
51.2%
Nauru
46.7%

You're not logged in!

Compare scores with friends on all Sporcle quizzes.
Join for Free
OR
Log In

You Might Also Like...

Show Comments

Extras

Top Quizzes Today


Score Distribution

Your Account Isn't Verified!

In order to create a playlist on Sporcle, you need to verify the email address you used during registration. Go to your Sporcle Settings to finish the process.

Report this User

Report this user for behavior that violates our Community Guidelines.

Details: